| 000 | 00760nam a22002297a 4500 | ||
|---|---|---|---|
| 003 | OSt | ||
| 005 | 20220107122854.0 | ||
| 008 | 190716b xxu||||| |||| 00| 0 eng d | ||
| 020 | _a9781786464392 | ||
| 040 | _cIIITMK | ||
| 082 | _a006.3P JOS/A;1 | ||
| 100 |
_aJoshi, Prateek _916253 |
||
| 245 |
_aArtificial intelligence with python: _bBuild real world artificial intelligence applications with python to intelligently interact with the world around you _cPrateek Joshi |
||
| 260 |
_aBirmingham, _bPackt Publishing, _c2017. |
||
| 300 | _avi, 430p. | ||
| 650 |
_aCOMPUTER SCIENCE _916964 |
||
| 650 |
_aCOMPUTER PROGRAMMING _916965 |
||
| 650 |
_aARTIFICAL INTELLIGENCE _916966 |
||
| 650 |
_aPYTHON _916967 |
||
| 650 |
_aALGORITHMS _916968 |
||
| 942 |
_2ddc _cBK |
||
| 999 |
_c6592 _d6592 |
||